[Event "Blitz 2018"]
[Site "Saint-Petersburg"]
[Date "2018.12.30"]
[Round "18"]
[Board "80"]
[White "Anisimov Pavel (RUS)"]
[Black "Belyakov Bogdan (RUS)"]
[Result "1/2-1/2"]
[LiveChessVersion "1.4.8"]
[BlackElo "2448"]
[WhiteElo "2519"]

1. d4 {[%clk 0:03:03]} d5 {[%clk 0:03:03]} 2. Bf4 {[%clk 0:03:03]} Nf6
{[%clk 0:02:59]} 3. e3 {[%clk 0:03:03]} e6 {[%clk 0:02:58]} 4. Nf3
{[%clk 0:03:04]} c5 {[%clk 0:02:59]} 5. c3 {[%clk 0:03:05]} Nc6 {[%clk 0:02:55]}
6. Nbd2 {[%clk 0:03:03]} cxd4 {[%clk 0:02:52]} 7. exd4 {[%clk 0:03:02]} Nh5
{[%clk 0:02:53]} 8. Bg5 {[%clk 0:02:50]} f6 {[%clk 0:02:53]} 9. Bh4
{[%clk 0:02:49]} Bd6 {[%clk 0:02:43]} 10. Ne5 {[%clk 0:02:13]} g6
{[%clk 0:02:41]} 11. Nd3 {[%clk 0:01:56]} O-O {[%clk 0:02:31]} 12. Be2
{[%clk 0:01:57]} Nf4 {[%clk 0:02:32]} 13. Nxf4 {[%clk 0:01:55]} Bxf4
{[%clk 0:02:33]} 14. O-O {[%clk 0:01:46]} Bd7 {[%clk 0:02:18]} 15. Re1
{[%clk 0:01:45]} Qc7 {[%clk 0:02:15]} 16. Bg3 {[%clk 0:01:44]} Rae8
{[%clk 0:02:14]} 17. Bf3 {[%clk 0:01:41]} Kg7 {[%clk 0:02:09]} 18. Rc1
{[%clk 0:01:41]} h5 {[%clk 0:02:02]} 19. Bxf4 {[%clk 0:01:30]} Qxf4
{[%clk 0:02:02]} 20. g3 {[%clk 0:01:25]} Qd6 {[%clk 0:02:03]} 21. h4
{[%clk 0:01:24]} f5 {[%clk 0:01:58]} 22. Nf1 {[%clk 0:01:12]} f4 {[%clk 0:01:58]}
23. Bg2 {[%clk 0:00:54]} fxg3 {[%clk 0:01:59]} 24. fxg3 {[%clk 0:00:54]} Rf6
{[%clk 0:01:51]} 25. Qd2 {[%clk 0:00:52]} Ref8 {[%clk 0:01:52]} 26. Re3
{[%clk 0:00:51]} Ne7 {[%clk 0:01:44]} 27. Rce1 {[%clk 0:00:50]} Nf5
{[%clk 0:01:44]} 28. Rf3 {[%clk 0:00:48]} Bb5 {[%clk 0:01:42]} 29. Qg5
{[%clk 0:00:44]} Bxf1 {[%clk 0:01:39]} 30. Rexf1 {[%clk 0:00:45]} e5
{[%clk 0:01:30]} 31. dxe5 {[%clk 0:00:44]} Qxe5 {[%clk 0:01:29]} 32. Kh2
{[%clk 0:00:45]} d4 {[%clk 0:01:06]} 33. cxd4 {[%clk 0:00:43]} Qxd4
{[%clk 0:01:07]} 34. R1f2 {[%clk 0:00:40]} b6 {[%clk 0:01:02]} 35. Bh3
{[%clk 0:00:39]} Nd6 {[%clk 0:00:37]} 36. Rxf6 {[%clk 0:00:38]} Rxf6
{[%clk 0:00:38]} 37. Rxf6 {[%clk 0:00:39]} Qxf6 {[%clk 0:00:39]} 38. Qd2
{[%clk 0:00:37]} Ne4 {[%clk 0:00:36]} 39. Qg2 {[%clk 0:00:22]} Qe5
{[%clk 0:00:29]} 40. Bc8 {[%clk 0:00:21]} a5 {[%clk 0:00:28]} 41. b3
{[%clk 0:00:21]} b5 {[%clk 0:00:27]} 42. a4 {[%clk 0:00:19]} b4 {[%clk 0:00:27]}
43. Ba6 {[%clk 0:00:15]} Qd4 {[%clk 0:00:26]} 44. Bc4 {[%clk 0:00:14]} Qd2
{[%clk 0:00:25]} 45. Be6 {[%clk 0:00:08]} Qxg2+ {[%clk 0:00:23]} 46. Kxg2
{[%clk 0:00:09]} Kf6 {[%clk 0:00:24]} 47. Bg8 {[%clk 0:00:10]} Ke5
{[%clk 0:00:21]} 48. Kf3 {[%clk 0:00:11]} g5 {[%clk 0:00:21]} 49. Bf7
{[%clk 0:00:08]} g4+ {[%clk 0:00:15]} 50. Kg2 {[%clk 0:00:09]} Nc5
{[%clk 0:00:14]} 51. Bxh5 {[%clk 0:00:08]} Nxb3 {[%clk 0:00:15]} 52. Bxg4
{[%clk 0:00:09]} Nc5 {[%clk 0:00:15]} 53. Bd1 {[%clk 0:00:10]} b3
{[%clk 0:00:16]} 54. h5 {[%clk 0:00:10]} b2 55. Bc2 Nxa4 {[%clk 0:00:18]} 56. h6
{[%clk 0:00:11]} Kf6 {[%clk 0:00:20]} 57. g4 {[%clk 0:00:12]} Nc3
{[%clk 0:00:12]} 58. g5+ {[%clk 0:00:13]} Kf7 {[%clk 0:00:14]} 59. g6+
{[%clk 0:00:14]} Kg8 {[%clk 0:00:13]} 60. Bb3+ {[%clk 0:00:15]} Kf8
{[%clk 0:00:13]} 61. g7+ {[%clk 0:00:16]} Ke7 {[%clk 0:00:15]} 62. g8=Q
{[%clk 0:00:17]} b1=Q {[%clk 0:00:16]} 63. Qe6+ {[%clk 0:00:17]} Kd8
{[%clk 0:00:16]} 64. Qf6+ {[%clk 0:00:18]} Ke8 {[%clk 0:00:16]} 65. Qxc3
{[%clk 0:00:19]} Qg6+ {[%clk 0:00:16]} 66. Kf2 {[%clk 0:00:18]} Qxh6
{[%clk 0:00:17]} 67. Qe5+ {[%clk 0:00:16]} Kf8 {[%clk 0:00:16]} 68. Qxa5
{[%clk 0:00:13]} Qf4+ {[%clk 0:00:16]} 69. Ke2 {[%clk 0:00:13]} Qe4+
{[%clk 0:00:16]} 70. Kd2 {[%clk 0:00:14]} Qd4+ {[%clk 0:00:17]} 71. Kc2
{[%clk 0:00:15]} Ke7 {[%clk 0:00:17]} 72. Qb5 {[%clk 0:00:14]} Qf2+
{[%clk 0:00:16]} 73. Kb1 {[%clk 0:00:15]} Qe1+ {[%clk 0:00:17]} 74. Ka2
{[%clk 0:00:16]} Qd2+ {[%clk 0:00:17]} 75. Ka3 {[%clk 0:00:17]} Qd6+
{[%clk 0:00:18]} 76. Ka4 {[%clk 0:00:17]} Qd7 {[%clk 0:00:19]} 1/2-1/2

[Event "Blitz 2018"]
[Site "Saint-Petersburg"]
[Date "2018.12.30"]
[Round "18"]
[Board "81"]
[White "Gutenev Alexander (RUS)"]
[Black "Tregubov Pavel V. (RUS)"]
[Result "1/2-1/2"]
[LiveChessVersion "1.4.8"]
[BlackElo "2516"]
[WhiteElo "2419"]

1. e4 {[%clk 0:03:02]} c5 {[%clk 0:03:04]} 2. Nf3 {[%clk 0:03:03]} e6
{[%clk 0:03:05]} 3. d4 {[%clk 0:03:04]} cxd4 {[%clk 0:03:07]} 4. Nxd4
{[%clk 0:03:05]} Nc6 {[%clk 0:03:08]} 5. Nc3 {[%clk 0:03:06]} Nf6
{[%clk 0:03:09]} 6. Ndb5 {[%clk 0:03:07]} Bb4 {[%clk 0:03:10]} 7. a3
{[%clk 0:03:08]} Bxc3+ {[%clk 0:03:11]} 8. Nxc3 {[%clk 0:03:09]} d5
{[%clk 0:03:12]} 9. exd5 {[%clk 0:03:10]} exd5 {[%clk 0:03:13]} 10. Bd3
{[%clk 0:03:10]} O-O {[%clk 0:03:13]} 11. O-O {[%clk 0:03:11]} d4
{[%clk 0:03:14]} 12. Ne4 {[%clk 0:03:11]} Bf5 {[%clk 0:03:14]} 13. Bg5
{[%clk 0:02:53]} Bxe4 {[%clk 0:03:14]} 14. Bxe4 {[%clk 0:02:52]} h6
{[%clk 0:03:16]} 15. Bh4 {[%clk 0:02:41]} g5 {[%clk 0:03:16]} 16. Bxc6
{[%clk 0:02:41]} bxc6 {[%clk 0:03:17]} 17. Bg3 {[%clk 0:02:42]} Qd5
{[%clk 0:03:18]} 18. Qd3 {[%clk 0:02:37]} c5 {[%clk 0:03:16]} 19. Rad1
{[%clk 0:02:25]} Rad8 {[%clk 0:02:55]} 20. Rfe1 {[%clk 0:02:04]} c4
{[%clk 0:02:42]} 21. Qf3 {[%clk 0:01:59]} Qxf3 {[%clk 0:02:00]} 22. gxf3
{[%clk 0:01:59]} d3 {[%clk 0:02:01]} 23. cxd3 {[%clk 0:01:59]} Rxd3
{[%clk 0:01:57]} 24. Rc1 {[%clk 0:01:55]} Rc8 {[%clk 0:01:52]} 25. Kg2
{[%clk 0:01:36]} Nd5 {[%clk 0:01:36]} 26. Red1 {[%clk 0:01:18]} Rd8
{[%clk 0:01:14]} 27. Re1 {[%clk 0:00:49]} Rc8 {[%clk 0:00:56]} 28. Rc2
{[%clk 0:00:45]} h5 {[%clk 0:00:42]} 29. h3 {[%clk 0:00:22]} h4 {[%clk 0:00:42]}
30. Bh2 {[%clk 0:00:23]} f6 {[%clk 0:00:33]} 31. Rec1 {[%clk 0:00:22]} Rd4
{[%clk 0:00:33]} 32. Kf1 {[%clk 0:00:16]} Kf7 {[%clk 0:00:32]} 33. Bd6
{[%clk 0:00:12]} Nf4 {[%clk 0:00:29]} 34. Bxf4 {[%clk 0:00:12]} Rxf4
{[%clk 0:00:31]} 35. Rc3 {[%clk 0:00:13]} Rd8 {[%clk 0:00:22]} 36. Kg2
{[%clk 0:00:09]} Rdd4 {[%clk 0:00:23]} 37. b3 {[%clk 0:00:08]} cxb3 38. Rxb3
{[%clk 0:00:09]} Rd2 {[%clk 0:00:21]} 39. Rc7+ {[%clk 0:00:10]} Kg6
{[%clk 0:00:23]} 40. Rxa7 Rc4 {[%clk 0:00:22]} 41. f4 {[%clk 0:00:05]} Rxf4
{[%clk 0:00:20]} 42. Rf3 {[%clk 0:00:06]} Rxf3 43. Kxf3 {[%clk 0:00:07]} Rd3+
{[%clk 0:00:19]} 44. Kg2 {[%clk 0:00:09]} Kf5 {[%clk 0:00:19]} 45. Ra5+
{[%clk 0:00:09]} Ke4 {[%clk 0:00:18]} 46. Ra4+ {[%clk 0:00:10]} Kf5
{[%clk 0:00:11]} 47. Ra5+ {[%clk 0:00:11]} Kg6 {[%clk 0:00:13]} 48. Ra8
{[%clk 0:00:12]} Rb3 {[%clk 0:00:13]} 49. a4 {[%clk 0:00:14]} Ra3
{[%clk 0:00:15]} 50. a5 {[%clk 0:00:14]} Kf5 {[%clk 0:00:16]} 51. Ra6
{[%clk 0:00:14]} Ke5 {[%clk 0:00:17]} 52. Ra8 {[%clk 0:00:15]} Kf4
{[%clk 0:00:18]} 53. a6 {[%clk 0:00:13]} f5 {[%clk 0:00:19]} 54. a7
{[%clk 0:00:13]} Ra1 {[%clk 0:00:18]} 55. Kh2 {[%clk 0:00:11]} Ra3
{[%clk 0:00:17]} 56. Kg2 {[%clk 0:00:11]} Ra2 {[%clk 0:00:19]} 57. Kg1
{[%clk 0:00:11]} Ra3 {[%clk 0:00:17]} 58. Kg2 {[%clk 0:00:12]} Ra2
{[%clk 0:00:16]} 59. Kg1 {[%clk 0:00:14]} Ra3 {[%clk 0:00:14]} 60. Kg2
{[%clk 0:00:15]} Ra4 {[%clk 0:00:15]} 61. Kh2 {[%clk 0:00:11]} Ra2
{[%clk 0:00:16]} 62. Kg2 {[%clk 0:00:12]} Ra3 {[%clk 0:00:16]} 1/2-1/2

[Event "Blitz 2018"]
[Site "Saint-Petersburg"]
[Date "2018.12.30"]
[Round "18"]
[Board "82"]
[White "Mamatov Melis (KGZ)"]
[Black "Zablotsky Sergei (RUS)"]
[Result "1-0"]
[LiveChessVersion "1.4.8"]
[BlackElo "2459"]
[WhiteElo "2213"]

1. e4 {[%clk 0:03:02]} d6 {[%clk 0:03:03]} 2. d4 {[%clk 0:03:03]} Nf6
{[%clk 0:03:04]} 3. Nc3 {[%clk 0:03:04]} e5 {[%clk 0:03:05]} 4. f4
{[%clk 0:02:53]} exd4 {[%clk 0:02:58]} 5. Qxd4 {[%clk 0:02:53]} Nc6
{[%clk 0:02:58]} 6. Qd1 {[%clk 0:02:49]} g6 {[%clk 0:02:57]} 7. Nf3
{[%clk 0:02:48]} Bg7 {[%clk 0:02:57]} 8. Bd3 {[%clk 0:02:46]} O-O
{[%clk 0:02:56]} 9. Be3 {[%clk 0:02:36]} Re8 {[%clk 0:02:57]} 10. Qd2
{[%clk 0:02:30]} d5 {[%clk 0:02:21]} 11. exd5 {[%clk 0:01:17]} Nxd5
{[%clk 0:01:45]} 12. Nxd5 {[%clk 0:01:19]} Qxd5 {[%clk 0:01:45]} 13. c3
{[%clk 0:01:17]} Bg4 {[%clk 0:01:15]} 14. O-O {[%clk 0:01:09]} Rad8
{[%clk 0:01:13]} 15. Rad1 {[%clk 0:00:45]} Qxa2 {[%clk 0:01:06]} 16. Bf2
{[%clk 0:00:25]} Bf5 {[%clk 0:00:37]} 17. Ne1 {[%clk 0:00:14]} Qd5
{[%clk 0:00:35]} 18. Qc2 {[%clk 0:00:08]} Rxe1 {[%clk 0:00:28]} 19. Rfxe1
{[%clk 0:00:08]} Bxd3 {[%clk 0:00:29]} 20. Rxd3 {[%clk 0:00:03]} Qxd3
{[%clk 0:00:29]} 21. Re8+ {[%clk 0:00:04]} Bf8 {[%clk 0:00:29]} 22. Qxd3
{[%clk 0:00:05]} Rxd3 {[%clk 0:00:30]} 23. Bc5 {[%clk 0:00:06]} Rd6
{[%clk 0:00:28]} 24. Bxd6 {[%clk 0:00:05]} cxd6 {[%clk 0:00:29]} 25. Kf2
{[%clk 0:00:05]} Kg7 {[%clk 0:00:30]} 26. Ke2 {[%clk 0:00:06]} d5
{[%clk 0:00:25]} 27. Rc8 {[%clk 0:00:04]} Bd6 {[%clk 0:00:25]} 28. g3
{[%clk 0:00:05]} h5 {[%clk 0:00:26]} 29. Kd3 {[%clk 0:00:05]} Kf6
{[%clk 0:00:27]} 30. Re8 {[%clk 0:00:05]} a5 {[%clk 0:00:26]} 31. Re1
{[%clk 0:00:04]} a4 {[%clk 0:00:26]} 32. c4 {[%clk 0:00:04]} Nb4+
{[%clk 0:00:24]} 33. Kc3 {[%clk 0:00:04]} d4+ {[%clk 0:00:25]} 34. Kd2
{[%clk 0:00:05]} Na6 {[%clk 0:00:22]} 35. Kd3 {[%clk 0:00:05]} Nb4+
{[%clk 0:00:17]} 36. Kd2 {[%clk 0:00:05]} Nc6 {[%clk 0:00:14]} 37. Ra1
{[%clk 0:00:07]} Bb4+ {[%clk 0:00:13]} 38. Kd3 {[%clk 0:00:08]} a3
{[%clk 0:00:13]} 39. bxa3 {[%clk 0:00:07]} Bc5 {[%clk 0:00:15]} 40. Rb1
{[%clk 0:00:07]} b6 {[%clk 0:00:16]} 41. Ke4 {[%clk 0:00:06]} Ke6
{[%clk 0:00:16]} 42. h3 {[%clk 0:00:07]} f5+ {[%clk 0:00:16]} 43. Kd3
{[%clk 0:00:08]} Kd6 {[%clk 0:00:17]} 44. g4 {[%clk 0:00:09]} hxg4
{[%clk 0:00:17]} 45. hxg4 {[%clk 0:00:10]} fxg4 46. Rg1 Ne7 {[%clk 0:00:13]} 47.
Rxg4 {[%clk 0:00:13]} Ke6 {[%clk 0:00:15]} 48. Rg5 {[%clk 0:00:12]} Kf6
{[%clk 0:00:15]} 49. a4 {[%clk 0:00:11]} Nf5 50. Rg1 {[%clk 0:00:11]} Ne7
{[%clk 0:00:14]} 51. Rg5 {[%clk 0:00:12]} Nc6 {[%clk 0:00:15]} 52. Rg1
{[%clk 0:00:10]} Kf5 {[%clk 0:00:15]} 53. Rg5+ {[%clk 0:00:12]} Kf6
{[%clk 0:00:16]} 54. Rg1 {[%clk 0:00:11]} Nb4+ {[%clk 0:00:17]} 55. Ke4
{[%clk 0:00:12]} Na2 {[%clk 0:00:18]} 56. a5 {[%clk 0:00:04]} Nc3+
{[%clk 0:00:17]} 57. Kd3 {[%clk 0:00:05]} bxa5 {[%clk 0:00:18]} 58. Rg5
{[%clk 0:00:06]} Bb6 {[%clk 0:00:11]} 59. c5 {[%clk 0:00:07]} Bc7
{[%clk 0:00:12]} 60. Kxd4 {[%clk 0:00:08]} Ne2+ {[%clk 0:00:12]} 61. Kc4
{[%clk 0:00:08]} Nxf4 {[%clk 0:00:13]} 62. Rg1 {[%clk 0:00:07]} g5
{[%clk 0:00:14]} 63. Kb5 {[%clk 0:00:08]} Kf5 {[%clk 0:00:14]} 64. Kc6
{[%clk 0:00:09]} Be5 {[%clk 0:00:14]} 65. Kb5 {[%clk 0:00:08]} Bc7
{[%clk 0:00:14]} 66. Kc6 {[%clk 0:00:10]} Be5 {[%clk 0:00:13]} 67. Kb5
{[%clk 0:00:11]} Ne6 {[%clk 0:00:08]} 68. c6 {[%clk 0:00:08]} Bc7 69. Rf1+ Nf4
{[%clk 0:00:00]} 1-0

[Event "Blitz 2018"]
[Site "Saint-Petersburg"]
[Date "2018.12.30"]
[Round "18"]
[Board "83"]
[White "Postny Evgeny (ISR)"]
[Black "Apryshko Gleb (RUS)"]
[Result "1-0"]
[LiveChessVersion "1.4.8"]
[BlackElo "2416"]
[WhiteElo "2657"]

1. d4 {[%clk 0:03:03]} d5 {[%clk 0:03:03]} 2. c4 {[%clk 0:03:04]} e6
{[%clk 0:03:04]} 3. Nf3 a6 4. e3 {[%clk 0:03:01]} Nf6 {[%clk 0:02:51]} 5. Nc3
{[%clk 0:03:02]} dxc4 {[%clk 0:02:27]} 6. Bxc4 {[%clk 0:03:02]} b5
{[%clk 0:02:24]} 7. Be2 {[%clk 0:03:00]} c5 {[%clk 0:02:24]} 8. O-O
{[%clk 0:02:59]} Bb7 {[%clk 0:02:22]} 9. Ne5 {[%clk 0:02:52]} cxd4
{[%clk 0:02:22]} 10. exd4 {[%clk 0:02:53]} Bd6 {[%clk 0:02:15]} 11. Bf3
{[%clk 0:02:52]} Qe7 {[%clk 0:02:12]} 12. Bg5 {[%clk 0:02:46]} Ra7
{[%clk 0:01:58]} 13. Re1 {[%clk 0:02:40]} h6 {[%clk 0:01:51]} 14. Bh4
{[%clk 0:02:30]} b4 {[%clk 0:00:58]} 15. Qa4+ {[%clk 0:02:02]} Nbd7
{[%clk 0:00:47]} 16. Bxb7 {[%clk 0:01:52]} Rxb7 {[%clk 0:00:47]} 17. Nd5
{[%clk 0:01:30]} Nxd5 {[%clk 0:00:29]} 18. Bxe7 {[%clk 0:01:29]} Kxe7
{[%clk 0:00:29]} 19. Qc6 {[%clk 0:00:57]} Rc7 {[%clk 0:00:26]} 20. Ng6+
{[%clk 0:00:57]} Kf6 {[%clk 0:00:15]} 21. Qxd6 {[%clk 0:00:52]} Kxg6
{[%clk 0:00:16]} 22. Rac1 {[%clk 0:00:49]} Rhc8 {[%clk 0:00:17]} 23. Rxc7
{[%clk 0:00:48]} Rxc7 {[%clk 0:00:19]} 24. Qxa6 {[%clk 0:00:47]} Kh7
{[%clk 0:00:11]} 25. h4 {[%clk 0:00:47]} h5 {[%clk 0:00:11]} 26. g3
{[%clk 0:00:44]} g6 {[%clk 0:00:10]} 27. Qd3 {[%clk 0:00:44]} N7b6
{[%clk 0:00:10]} 28. Qd2 {[%clk 0:00:41]} Nc4 {[%clk 0:00:11]} 29. Qe2
{[%clk 0:00:42]} Ncb6 {[%clk 0:00:09]} 30. a3 {[%clk 0:00:40]} bxa3
{[%clk 0:00:06]} 31. bxa3 {[%clk 0:00:41]} Rc4 {[%clk 0:00:04]} 32. Qd2
{[%clk 0:00:38]} Ra4 {[%clk 0:00:05]} 33. Qd3 {[%clk 0:00:38]} Nc4
{[%clk 0:00:04]} 34. Qb3 {[%clk 0:00:38]} Ndb6 {[%clk 0:00:05]} 35. Ra1
{[%clk 0:00:38]} Ra5 {[%clk 0:00:04]} 36. a4 {[%clk 0:00:39]} Kg7
{[%clk 0:00:04]} 37. Qb4 {[%clk 0:00:40]} Kh7 {[%clk 0:00:03]} 38. Kh2
{[%clk 0:00:38]} Kg7 {[%clk 0:00:04]} 39. Ra2 {[%clk 0:00:40]} Kh7
{[%clk 0:00:05]} 40. Qe7 {[%clk 0:00:37]} Kg7 {[%clk 0:00:06]} 41. Re2
{[%clk 0:00:37]} Kg8 {[%clk 0:00:03]} 42. Qd8+ {[%clk 0:00:30]} Kg7
{[%clk 0:00:05]} 43. Qc7 {[%clk 0:00:29]} Kg8 {[%clk 0:00:06]} 44. Ra2
{[%clk 0:00:26]} Kg7 {[%clk 0:00:05]} 45. d5 {[%clk 0:00:24]} exd5
{[%clk 0:00:05]} 46. Re2 {[%clk 0:00:25]} d4 {[%clk 0:00:05]} 47. Re7
{[%clk 0:00:20]} Rf5 {[%clk 0:00:06]} 48. a5 {[%clk 0:00:20]} Nd5
{[%clk 0:00:04]} 49. Qxc4 {[%clk 0:00:16]} Nxe7 {[%clk 0:00:05]} 50. Qxd4+
{[%clk 0:00:17]} Kh7 {[%clk 0:00:06]} 51. a6 {[%clk 0:00:18]} Nc6
{[%clk 0:00:04]} 52. Qb6 {[%clk 0:00:19]} Ne5 {[%clk 0:00:03]} 53. a7
{[%clk 0:00:17]} Ng4+ {[%clk 0:00:04]} 54. Kg2 {[%clk 0:00:17]} 1-0

[Event "Blitz 2018"]
[Site "Saint-Petersburg"]
[Date "2018.12.30"]
[Round "18"]
[Board "84"]
[White "Zakhartsov Vladimir (RUS)"]
[Black "Shubin Kirill (RUS)"]
[Result "1-0"]
[LiveChessVersion "1.4.8"]
[BlackElo "2398"]
[WhiteElo "2567"]

1. b4 {[%clk 0:03:04]} Nf6 {[%clk 0:03:00]} 2. Bb2 {[%clk 0:03:04]} e6
{[%clk 0:03:00]} 3. a3 {[%clk 0:03:05]} b6 {[%clk 0:03:00]} 4. e3
{[%clk 0:03:06]} Bb7 {[%clk 0:03:01]} 5. Nf3 {[%clk 0:03:07]} c5 {[%clk 0:03:00]}
6. bxc5 {[%clk 0:02:46]} bxc5 {[%clk 0:02:59]} 7. Be2 {[%clk 0:02:47]} Be7
{[%clk 0:02:59]} 8. O-O {[%clk 0:02:46]} O-O {[%clk 0:02:58]} 9. a4
{[%clk 0:02:46]} Nc6 {[%clk 0:02:53]} 10. Na3 {[%clk 0:02:39]} d5
{[%clk 0:02:49]} 11. Rb1 {[%clk 0:02:41]} Rb8 {[%clk 0:02:44]} 12. Ne5
{[%clk 0:02:36]} c4 {[%clk 0:02:38]} 13. f4 {[%clk 0:02:00]} Bc5 {[%clk 0:02:20]}
14. Nb5 {[%clk 0:01:58]} a6 {[%clk 0:02:11]} 15. Nd4 {[%clk 0:02:00]} Nxd4
{[%clk 0:02:09]} 16. Bxd4 {[%clk 0:01:57]} Bxd4 {[%clk 0:01:50]} 17. exd4
{[%clk 0:01:59]} Ne4 {[%clk 0:01:48]} 18. c3 {[%clk 0:01:54]} f6 {[%clk 0:01:42]}
19. Ng4 {[%clk 0:01:54]} Qd6 {[%clk 0:01:37]} 20. Ne3 {[%clk 0:01:51]} f5
{[%clk 0:01:34]} 21. Qc2 {[%clk 0:01:39]} Bc6 {[%clk 0:01:28]} 22. a5
{[%clk 0:01:37]} Rxb1 {[%clk 0:01:24]} 23. Rxb1 {[%clk 0:01:37]} Qxf4
{[%clk 0:01:24]} 24. Bf3 {[%clk 0:01:30]} Ng5 {[%clk 0:01:06]} 25. Qd1
{[%clk 0:01:25]} Bb5 {[%clk 0:01:01]} 26. Qe2 {[%clk 0:01:20]} Qc7
{[%clk 0:00:56]} 27. Ra1 {[%clk 0:01:16]} Rb8 {[%clk 0:00:53]} 28. Nc2
{[%clk 0:01:17]} Bd7 {[%clk 0:00:35]} 29. Nb4 {[%clk 0:01:17]} Qd6
{[%clk 0:00:36]} 30. h4 {[%clk 0:01:12]} Ne4 {[%clk 0:00:22]} 31. Bxe4
{[%clk 0:01:08]} fxe4 {[%clk 0:00:22]} 32. Rf1 {[%clk 0:01:09]} Ra8
{[%clk 0:00:11]} 33. Qf2 {[%clk 0:01:05]} Qe7 {[%clk 0:00:07]} 34. Qf4
{[%clk 0:01:05]} Be8 {[%clk 0:00:05]} 35. Qe5 {[%clk 0:01:00]} h6
{[%clk 0:00:05]} 36. Nxd5 {[%clk 0:00:59]} Qxh4 {[%clk 0:00:05]} 37. Nc7
{[%clk 0:00:58]} Rb8 {[%clk 0:00:04]} 38. Qxe6+ {[%clk 0:00:53]} Kh8
{[%clk 0:00:04]} 39. Nxe8 {[%clk 0:00:48]} e3 {[%clk 0:00:04]} 40. Rf8+
{[%clk 0:00:45]} Kh7 {[%clk 0:00:05]} 41. Qf5+ {[%clk 0:00:46]} 1-0

[Event "Blitz 2018"]
[Site "Saint-Petersburg"]
[Date "2018.12.30"]
[Round "18"]
[Board "85"]
[White "Sharma Dinesh K. (IND)"]
[Black "Teske Henrik (GER)"]
[Result "1-0"]
[LiveChessVersion "1.4.8"]
[BlackElo "2565"]
[WhiteElo "2383"]

1. e4 {[%clk 0:03:03]} e6 {[%clk 0:03:02]} 2. d4 {[%clk 0:03:04]} d5
{[%clk 0:03:04]} 3. Nc3 {[%clk 0:03:04]} Bb4 {[%clk 0:03:05]} 4. e5
{[%clk 0:03:01]} Ne7 {[%clk 0:03:06]} 5. a3 {[%clk 0:03:02]} Bxc3+
{[%clk 0:03:06]} 6. bxc3 {[%clk 0:03:03]} b6 {[%clk 0:03:08]} 7. Qg4
{[%clk 0:03:02]} O-O {[%clk 0:03:05]} 8. Bg5 {[%clk 0:02:53]} Qe8
{[%clk 0:02:52]} 9. Bd3 {[%clk 0:02:49]} Ng6 {[%clk 0:02:45]} 10. h4
{[%clk 0:02:44]} f5 {[%clk 0:02:37]} 11. Qe2 {[%clk 0:02:26]} c5 {[%clk 0:02:33]}
12. h5 {[%clk 0:02:20]} Nh8 {[%clk 0:02:33]} 13. Bb5 {[%clk 0:02:15]} Bd7
{[%clk 0:02:22]} 14. Bxd7 {[%clk 0:02:11]} Nxd7 {[%clk 0:02:23]} 15. Nh3
{[%clk 0:02:11]} Rc8 {[%clk 0:02:19]} 16. Nf4 {[%clk 0:02:08]} Nf7
{[%clk 0:02:10]} 17. Bh4 {[%clk 0:02:07]} Nh6 {[%clk 0:02:10]} 18. a4
{[%clk 0:02:04]} cxd4 {[%clk 0:02:08]} 19. cxd4 {[%clk 0:02:04]} Rc4
{[%clk 0:02:09]} 20. c3 {[%clk 0:01:55]} Rxc3 {[%clk 0:02:05]} 21. O-O
{[%clk 0:01:55]} Rc4 {[%clk 0:01:57]} 22. Qd2 {[%clk 0:01:46]} Qf7
{[%clk 0:01:50]} 23. a5 {[%clk 0:01:44]} b5 {[%clk 0:01:50]} 24. a6
{[%clk 0:01:45]} Nb8 {[%clk 0:01:43]} 25. Rab1 {[%clk 0:01:37]} Qd7
{[%clk 0:01:37]} 26. Ne2 {[%clk 0:01:23]} Nxa6 {[%clk 0:01:32]} 27. Qa5
{[%clk 0:01:24]} Nb8 {[%clk 0:01:09]} 28. Rxb5 {[%clk 0:01:17]} Nc6
{[%clk 0:01:07]} 29. Qa6 {[%clk 0:01:10]} Nxd4 {[%clk 0:01:06]} 30. Nxd4
{[%clk 0:01:08]} Rxd4 {[%clk 0:01:06]} 31. Rb7 {[%clk 0:01:09]} Ra4
{[%clk 0:00:59]} 32. Rxd7 {[%clk 0:01:01]} Rxa6 {[%clk 0:01:00]} 33. Rc1
{[%clk 0:00:55]} Ng4 {[%clk 0:00:47]} 34. f4 {[%clk 0:00:44]} Rb8
{[%clk 0:00:21]} 35. Be1 {[%clk 0:00:35]} Kh8 {[%clk 0:00:15]} 36. Rcc7
{[%clk 0:00:31]} Rg8 {[%clk 0:00:16]} 37. Kf1 {[%clk 0:00:26]} Ra2
{[%clk 0:00:14]} 38. Bg3 {[%clk 0:00:19]} h6 {[%clk 0:00:12]} 39. Rxa7
{[%clk 0:00:16]} Ne3+ {[%clk 0:00:13]} 40. Ke1 {[%clk 0:00:17]} Nxg2+
{[%clk 0:00:12]} 41. Kd1 {[%clk 0:00:16]} Ne3+ {[%clk 0:00:13]} 42. Kc1
{[%clk 0:00:17]} Rxa7 {[%clk 0:00:11]} 43. Rxa7 {[%clk 0:00:17]} Rc8+
{[%clk 0:00:08]} 44. Kd2 {[%clk 0:00:17]} Nc4+ {[%clk 0:00:09]} 45. Ke1
{[%clk 0:00:15]} Rg8 {[%clk 0:00:09]} 46. Re7 {[%clk 0:00:15]} g6
{[%clk 0:00:08]} 47. Rxe6 {[%clk 0:00:14]} gxh5 {[%clk 0:00:08]} 48. Bh4
{[%clk 0:00:15]} Rg4 {[%clk 0:00:07]} 49. Bf6+ {[%clk 0:00:13]} Kg8
{[%clk 0:00:07]} 50. Re8+ {[%clk 0:00:13]} Kf7 {[%clk 0:00:09]} 51. Re7+
{[%clk 0:00:14]} Kf8 {[%clk 0:00:07]} 52. e6 {[%clk 0:00:13]} Rxf4
{[%clk 0:00:07]} 53. Rf7+ {[%clk 0:00:12]} Ke8 {[%clk 0:00:05]} 54. Kd1
{[%clk 0:00:10]} Re4 {[%clk 0:00:06]} 55. Re7+ {[%clk 0:00:11]} Kf8
{[%clk 0:00:07]} 56. Rf7+ {[%clk 0:00:12]} Ke8 {[%clk 0:00:08]} 57. Re7+
{[%clk 0:00:09]} Kf8 {[%clk 0:00:08]} 58. Rf7+ {[%clk 0:00:10]} Kg8
{[%clk 0:00:07]} 59. Rg7+ {[%clk 0:00:11]} Kf8 {[%clk 0:00:07]} 60. e7+
{[%clk 0:00:12]} Ke8 {[%clk 0:00:09]} 61. Rg8+ {[%clk 0:00:13]} Kf7
{[%clk 0:00:10]} 62. Rf8+ {[%clk 0:00:13]} Kg6 {[%clk 0:00:12]} 63. Bh4
{[%clk 0:00:10]} Rd4+ {[%clk 0:00:00]} 1-0